Diccionario personal de literatura dominicana / (Registro nro. 7189)

Detalles MARC
000 -LIDER
fixed length control field 02629nam a2200313 a 4500
001 - NÚMERO DE CONTROL
Identificador de número de control 000037620
003 - IDENTIFICACDOR DE NÚMERO DE CONTROL
control field
005 - DATE AND TIME OF LATEST TRANSACTION
control field 20260303111707.0
007 - CAMPOS FIJOS DE DESCRIPCIÓN FÍSICA
fixed length control field ta
008 - ELEMENTOS DE LONGITUD FIJA
fixed length control field 121008s2010 dr 000 0 spa d
020 ## - ISBN
International Standard Book Number 9789945460674
040 ## - FUENTE DE CATALOGACIÓN
Agencia que crea de manera original el registro BPMSU
Idioma de catalogación spa
Agencia que realiza la transcripción BPMSU
082 04 - NÚMERO DE CLASIFICACIÓN DECIMAL DE DEWEY
Classification number RD860.3
Item number A676d 2010
Edition number 22
100 1# - ASIENTO PRINCIPAL -- NOMBRE PERSONAL
Nombre personal Ardavín Trabanco, Carlos X.
245 10 - MENCIÓN DE TITULO
Título Diccionario personal de literatura dominicana /
Mención de responsabilidad Carlos X. Ardavín Trabanco.
260 ## - PUBLICACIÓN, DISTRIBUCIÓN, ETC. (PIE DE IMPRENTA)
Lugar de publicación, distribución, etc Santo Domingo :
Nombre del editor, distribuidor, etc. Santuario,
Fecha de publicación, distribución, etc 2010.
300 ## - DESCRIPCIÓN FÍSICA
Extensión 156 p. ;
Dimensiones 23 cm.
490 0# - MENCIÓN DE SERIES
Mención de serie Santuario
500 ## - NOTA GENERAL
Nota general Incluye datos biográficos del autor en las solapas
505 0# - NOTA DE CONTENIDO
Texto normalizado de contenido Nota preliminar, 9 / José Alcántara Almánzar, 11 / Joaquín Balaguer, 13 / Juan Daniel Balcácer, 15 / León Félix Batista, 17 / Osvaldo Bazil, 19 / Basilio Belliard, 21 / Juan Bosch, 23 / Luis O. Brea Franco, 25 / Manuel del Cabral, 27 / Aída Cartagena Portalatín, 29 / Diógenes Céspedes, 31 / Tulio Manuel Cestero, 33 / Plinio Chahín, 35 / Miguel Collado, 37 / Francisco Comarazamy, 39 / León David, 41 / Virgilio Díaz Grullón, 43 / Juan Pablo Duarte, 45 / Carlos Francisco Elías, 47 / Antonio Fernández Spencer, 49 / Alex Ferreras, 55 / Fabio Fiallo, 57 / Ramón A. Font Bernard, 59 / Miguel Ángel Fornerín, 61 / José Enrique García, 63 / Eugenio García Cuevas, 65 / Freddy Gatón Arce, 67 / Cándido Gerón, 69 / Alexis Gómez Rosa, 71 / Federico Henríquez Gratereaux, 73 / Camila Henríquez Ureña, 75 / Max Henríquez Ureña, 77 / Pedro Henríquez Ureña, 79 / Taty Hernández Rueda, 83 / Orlando Inoa, 85 / Norberto James, 87 / Dionisio de Jesús, 89 / José Rafael Lantigua, 91 / Mariano Lebrón Saviñón, 93 / Américo Lugo, 95 / José Mármol, 97 / Andrés L. Mateo, 99 / Miguel D. Mena, 101 / Franklin Mieses Burgos, 103 / Jeannette Mir, 107 / Manuel Mora Serrano, 109 / Domingo Moreno Jiménez, 111 / Mateo Morrison, 113 / Frank Moya Pons, 115 / Manuel Núñez, 117 / Germán Emilio Ornes, 121 / Pedro Peix, 123 / Giovanni Di Pietrol, 125 / Tony Raful, 127 / Emilio Rodríguez Demorizi, 129 / René Rodríguez Soriano, 131 / Bruno Rosario Candelier, 133 / Enriquillo Sánchez, 135 / Médar Serrata, 137 / Rosa Silverio, 139 / María Ugarte, 141 / Salomé Ureña de Henríquez, 143 / Marcio Veloz Maggiolo, 145 / Pedro Vergés, 147
590 ## - NOTA LOCAL
Texto de la nota local Inventariado, 2025/VM
650 #4 - ENCABEZAMIENTO DE MATERIA--TEMÁTICO
Término temático o nombre geográfico como elemento de entrada Autores dominicanos
Subdivisión temática general Crítica e interpretación
Subdivisión cronológica Diccionarios
650 #4 - ENCABEZAMIENTO DE MATERIA--TEMÁTICO
Término temático o nombre geográfico como elemento de entrada Literatura dominicana
Subdivisión de forma Diccionarios
910 ## - VALIDACIÓN
Validación VMateo V. Control de calidad BPMSU
930 #1 - EQUIVALENCE OR CROSS-REFERENCE-UNIFORM TITLE HEADING [LOCAL, CANADA]
Language of a work
Medium of performance for music
Field link and sequence number
Date of a work
Name of part/section of a work
Miscellaneous information
942 ## - ADDED ENTRY ELEMENTS (KOHA)
Source of classification or shelving scheme Dewey Decimal Classification
Koha item type Libros
956 ## - LOCAL ELECTRONIC LOCATION AND ACCESS (OCLC)
Nombre de host
Número de acceso
Información de compresión
Inicio de sesión
Procesador de solicitud
956 ## - LOCAL ELECTRONIC LOCATION AND ACCESS (OCLC)
Nombre de host
Número de acceso
Información de compresión
Inicio de sesión
Procesador de solicitud
Existencias
Withdrawn status Lost status Source of classification or shelving scheme Damaged status Not for loan Collection code Home library Current library Date acquired Total Checkouts Full call number Barcode Date last seen Price effective from Koha item type Copy number
    Dewey Decimal Classification     Colección Dominicana Biblioteca Pública Metropolitana Salomé Ureña Biblioteca Pública Metropolitana Salomé Ureña 07/16/2014   BPMSU CDR RD860.3 A676d 2010 BPMSU15040629 07/16/2014 07/16/2014 Libros  
    Dewey Decimal Classification     Colección Dominicana Biblioteca Pública Metropolitana Salomé Ureña Biblioteca Pública Metropolitana Salomé Ureña 11/07/2017   R RD860.3 A676d BPMSU17110057 11/07/2017 11/07/2017 Libros e. 2